|
|
|
|
| LEADER |
01220nam a2200361 4500 |
| 001 |
DLU030023043 |
| 005 |
##20010823105200.0 |
| 008 |
##010409s2001 nyua b 101 0 eng |
| 010 |
# |
# |
|a 2001089793
|
| 020 |
# |
# |
|a 0735400083
|
| 040 |
# |
# |
|a DLC
|c DLC
|d DLC
|
| 042 |
# |
# |
|a pcc
|
| 050 |
# |
# |
|a QC793.3.S6
|b I578 2000
|
| 082 |
# |
# |
|a 539.725
|b ISP
|
| 111 |
# |
# |
|a International Spin Physics Symposium
|n (14th :
|d 2000 :
|c Osaka, Japan)
|
| 245 |
# |
# |
|a Spin 2000 :
|b 14th International Spin Physics Symposium, Osaka, Japan, 16-21 October 2000 /
|c editors, Kichiji Hatanaka ... [et al.].
|
| 260 |
# |
# |
|a Melville, N.Y. :
|b American Institute Of Physics,
|c 2001.
|
| 300 |
# |
# |
|a xxxv, 1084 p. :
|b ill. ;
|c 25 cm.
|
| 504 |
# |
# |
|a Includes bibliographical references and index.
|
| 650 |
# |
# |
|a Nuclear spin
|v Congresses.
|
| 650 |
# |
# |
|a Particles (Nuclear physics)
|v Congresses.
|
| 650 |
# |
# |
|a Polarized beams (Nuclear physics)
|v Congresses.
|
| 700 |
# |
# |
|a Hatanaka, K.
|q (Kichiji)
|
| 830 |
# |
# |
|a AIP conference proceedings ;
|v no. 570.
|
| 992 |
# |
# |
|a 283.40
|
| 994 |
# |
# |
|a DLU
|
| 900 |
# |
# |
|a True
|
| 911 |
# |
# |
|a Thái Thị Thanh Thủy
|
| 925 |
# |
# |
|a G
|
| 926 |
# |
# |
|a A
|
| 927 |
# |
# |
|a SH
|
| 980 |
# |
# |
|a Thư viện Trường Đại học Đà Lạt
|